| 000 | 00483nam a2200205Ia 4500 | ||
|---|---|---|---|
| 003 | OSt | ||
| 005 | 20230306145751.0 | ||
| 008 | 210210b1949 xxu||||| |||| 00| 0 eng d | ||
| 040 | _cAL | ||
| 041 | _aeng | ||
| 082 | _a335/213 | ||
| 100 |
_aMITRA _974271 |
||
| 245 | _aIndian economics | ||
| 260 |
_aCalcutta _bA Mukherjee & Co. _c1949 |
||
| 650 |
_a1949-1958 _974272 |
||
| 690 |
_aIndian Economics _974273 |
||
| 700 |
_aCHATTERJEE _974274 |
||
| 906 | _a004555 | ||
| 942 |
_2ddc _cBK |
||
| 999 |
_c126239 _d126239 |
||